| 000 | 00351cam a22001097a 4500 | ||
|---|---|---|---|
| 008 | 180718b1983 xxu||||| |||| 00| 0 eng d | ||
| 082 | _aY7x54 In2 | ||
| 245 |
_aEliciting public support for wildlife conservation _cby Department of Environment, India |
||
| 260 |
_aNew Delhi _bLok Sabha _c1983 |
||
| 300 | _a80+p. | ||
| 700 | _aIndia.Department of Environmen | ||
| 999 |
_c498650 _d498650 |
||